000 00716pam a2200229 a 4500
001 652085
005 20180103043159.0
008 940413s1995 caua b 001 0 eng
010 _a 94013908
020 _a0935732640
040 _aDLC
_cDLC
_dDLC
041 _aeng
080 _a614.5993 COY
082 0 0 _a614.5993 COY
_220
100 1 _a50
101 _aSOC
245 1 0 _aSex, drugs, and the continuing spread of AIDS /
_cClyde B. McCoy, James A. Inciardi.
504 _aIncludes bibliographical references and indexes.
906 _a7
_bcbc
_corignew
_d1
_eocip
_f19
_gy-gencatlg
942 _2ddc
_cBK
999 _c39620
_d39620